000 00690nam a2200253Ia 4500
003 OSt
005 20220923225204.0
006 a|||||r|||| 00| 0
007 ta
008 220922b |||||||| |||| 00| 0 san d
024 _a259,518
037 _cTextual
040 _aARTS
_cARTS
_bsan
041 _2san
_asan
082 _aO15:g, L0
100 _aद्विवेदी
_9156277
245 0 _aसाहित्य संदर्भ
246 _aSāhitya sandarbha
260 _c1970
300 _a86पृ0
_ccm.
650 _aसंस्कृत साहित्य
942 _hO15:g, L0
_cTEXL
_2CC
999 _c376609
_d376609